000 01153nmc a2200373 a 4500
003 AR-BaBNM
005 20251128210712.0
008 091020s1996 ||||||||||||||000 | spa||
020 _a987-95776-4-7
040 _cAR-BaBNM
100 1 _aBianco, Augusto
245 1 0 _aLa escuela Cossettini
_bcuna de democracia
260 _aSanta Fe
_bEdiciones AMSAFE
_c1996
300 0 _a188 p.
_bfot.
490 0 _aHistorias de vida
_vv. 1
500 1 _aContiene referencias bibliográficas, cartas dirigidas a las hermanas Cossettini y cronología de Antonio, Olga y Leticia Cossettini
600 1 4 _aCossettini, Olga
_d1898-1987
600 1 4 _aCossettini, Leticia
_d1904-
600 1 4 _aCossettini, Antonio
600 1 4 _aCortázar, Julio
600 1 4 _aJiménez, Juan Ramón
600 1 4 _aLombardo Radice, Giuseppe
_d1879-1938
600 1 4 _aSábato, Ernesto
600 1 4 _aOcampo, Victoria
650 4 _aHISTORIA DE LA EDUCACION
650 4 _aBIOGRAFIAS
651 4 _aArgentina
651 4 _aSanta Fe
653 0 _aESCUELA NUEVA
653 0 _aESTRATEGIAS DIDACTICAS
653 0 _aEXPERIENCIAS EDUCATIVAS
942 _cBK
998 _cRAQUEL
999 _c16513
_d16513